Welcome to the Holygrace Academy Library

Please use search bar below to get started

ENGLISH-ENGLISH- MALAYALAM PICTURE DICTIONARY (Record no. 1734)

MARC details
000 -LEADER
fixed length control field 00309nam a22001217a 4500
082 ## - DEWEY DECIMAL CLASSIFICATION NUMBER
Classification number 030
Item number PAR/S
100 ## - MAIN ENTRY--AUTHOR NAME
Personal name PILLAI, PARAMESHWARAN.P
245 ## - TITLE STATEMENT
Title ENGLISH-ENGLISH- MALAYALAM PICTURE DICTIONARY
260 ## - PUBLICATION, DISTRIBUTION, ETC. (IMPRINT)
Place of publication TRIVANDRUM
Name of publisher HI-MARK PUBLISHING GROUP
300 ## - PHYSICAL DESCRIPTION
Number of Pages 1545
650 ## - SUBJECT ADDED ENTRY--TOPICAL TERM
Topical Term DICTIONARY
Geographic subdivision INDIA
942 ## - ADDED ENTRY ELEMENTS (KOHA)
Koha item type Books
Holdings
Withdrawn status Lost status Collection code Home library Current library Shelving location Date acquired Source of acquisition Cost, normal purchase price Full call number Accession Number Koha item type
    Reference Main Library Main Library SHELF 1-A DICTIONARIES 27/10/2005 purchase 290.00 030 PAR/S 00923 Books